Applied data communications : (Record no. 193425)

000 -LEADER
fixed length control field 01258 a2200289 4500
003 - CONTROL NUMBER IDENTIFIER
control field Nust
005 - DATE AND TIME OF LATEST TRANSACTION
control field 20220721190138.0
010 ## - LIBRARY OF CONGRESS CONTROL NUMBER
LC control number 2004041886
020 ## - INTERNATIONAL STANDARD BOOK NUMBER
International Standard Book Number 0471346403
040 ## - CATALOGING SOURCE
Transcribing agency Nust
082 00 - DEWEY DECIMAL CLASSIFICATION NUMBER
Classification number 004.66,GOL
100 1# - MAIN ENTRY--PERSONAL NAME
Personal name Goldman, James E.
9 (RLIN) 94488
245 10 - TITLE STATEMENT
Title Applied data communications :
Remainder of title a business-oriented approach /
Statement of responsibility, etc. James E. Goldman, Phillip T. Rawles.
250 ## - EDITION STATEMENT
Edition statement 4th ed.
260 ## - PUBLICATION, DISTRIBUTION, ETC.
Place of publication, distribution, etc. Hoboken, NJ :
Name of publisher, distributor, etc. Wiley,
Date of publication, distribution, etc. 2004.
300 ## - PHYSICAL DESCRIPTION
Extent xvi, 592 p. :
Other physical details ill. ;
Dimensions 27 cm.
505 ## - FORMATTED CONTENTS NOTE
Formatted contents note Data communication fundamentals (Page-1), Network transmission technologies (Page-114), Network protocols and administration (Page-250), Network development and management (Page-375).
650 #0 - SUBJECT ADDED ENTRY--TOPICAL TERM
Topical term or geographic name entry element Business enterprises
General subdivision Communication systems.
9 (RLIN) 12432
650 #0 - SUBJECT ADDED ENTRY--TOPICAL TERM
Topical term or geographic name entry element Computer networks.
9 (RLIN) 3677
650 #0 - SUBJECT ADDED ENTRY--TOPICAL TERM
Topical term or geographic name entry element Data transmission systems.
9 (RLIN) 17977
650 #0 - SUBJECT ADDED ENTRY--TOPICAL TERM
Topical term or geographic name entry element Electronic data interchange.
9 (RLIN) 22265
700 1# - ADDED ENTRY--PERSONAL NAME
Personal name Rawles, Phillip T.
9 (RLIN) 94489
856 42 - ELECTRONIC LOCATION AND ACCESS
Materials specified Contributor biographical information
Uniform Resource Identifier <a href="http://www.loc.gov/catdir/bios/wiley045/2004041886.html">http://www.loc.gov/catdir/bios/wiley045/2004041886.html</a>
856 42 - ELECTRONIC LOCATION AND ACCESS
Materials specified Publisher description
Uniform Resource Identifier <a href="http://www.loc.gov/catdir/description/wiley041/2004041886.html">http://www.loc.gov/catdir/description/wiley041/2004041886.html</a>
856 42 - ELECTRONIC LOCATION AND ACCESS
Materials specified Table of contents
Uniform Resource Identifier <a href="http://www.loc.gov/catdir/toc/wiley041/2004041886.html">http://www.loc.gov/catdir/toc/wiley041/2004041886.html</a>
942 ## - ADDED ENTRY ELEMENTS (KOHA)
Source of classification or shelving scheme
Koha item type Book
Holdings
Withdrawn status Lost status Source of classification or shelving scheme Damaged status Not for loan Permanent Location Current Location Shelving location Date acquired Full call number Barcode Date last seen Price effective from Koha item type Public note
          Military College of Signals (MCS) Military College of Signals (MCS) Reference 12/12/2016 004.66,GOL MCS31207 12/08/2016 12/12/2016 Book Almirah No.17, Shelf No.4
© 2023 Central Library, National University of Sciences and Technology. All Rights Reserved.